Normal view
MARC view
- Food Research planning
Entry Topical Term
001 - CONTROL NUMBER
- control field: 224
003 - CONTROL NUMBER IDENTIFIER
- control field: OSt
005 - DATE AND TIME OF LATEST TRANSACTION
- control field: 20150123130646.0
008 - FIXED-LENGTH DATA ELEMENTS
- fixed length control field: 150123|| aca||aabn | a|a d
040 ## - CATALOGING SOURCE
- Original cataloging agency: OSt
- Transcribing agency: OSt
150 ## - HEADING--TOPICAL TERM
- Topical term or geographic name as entry element: Food Research planning
670 ## - SOURCE DATA FOUND
- Source citation: Work cat.: (OSt): Kerry, Joseph Butler, Paul 223, Smart Packaging Technologies: for fast moveing consumer goods , 2008
